000 00979cam a2200313 a 4500
999 _c118426
_d118426
001 254104
003 OSt
005 20200616161605.0
008 990304s1999 ii b 001 0 eng
010 _a 99931779
020 _z817033492X
025 _aI-E-99-931779; 69-91; 85-13
037 _bLibrary of Congress -- New Delhi Field Office
_cRs395.00
040 _aDLC
_cDLC
042 _alcode
043 _aa-ii---
050 0 0 _aHD1333.I4
_bJ83 1999
082 _a333.3154 PAR
100 1 _aJudge, Paramjit S.
245 1 0 _aSocial change through land reforms /
_cParamjit S. Judge.
260 _aJaipur :
_bRawat Publications,
_cc1999.
300 _a212 p. ;
_c23 cm.
504 _aIncludes bibliographical references (p. [205]-207) and index.
650 0 _aLand reform
_zIndia.
650 0 _aSocial change
_zIndia.
906 _a7
_bcbc
_corigode
_d3
_encip
_f19
_gy-gencatlg
942 _2ddc
_cIR